Score 0/10 Timer 05:00
4 Plays Today
Question Answer % Correct
Who is the original owner of the infamous 'Ducky Tie'?Marshall
80.7%
Which species from Star Wars does Nora not like, much to Barney's frustration?Ewoks
71%
What is the name of the bar that Ted and Barney open?Puzzles
64.6%
What do Lily and Marshall name their son?Marvin Wait-For-It Erikson
62%
What is Lily's father keeping in the basement of their house?Bees
48.5%
Who plays the Slutty Pumpkin?Katie Holmes
44.4%
What inanimate object does Marshall use as a baby to get 'daddy practice'?Watermelon
41.5%
What is the name of the news organization that Robin works for?World Wide News
35.9%
What is Quinn's stripper stage name?Karma
35.7%
What does the sign outside of MacLaren's Pub say?'Absolutely No Boogie Boarding'
33.7%
Remove Ads.
Support Sporcle.
Get the best of Sporcle when you Go Orange. This ad-free experience offers more features, more stats, and more fun while also helping to support Sporcle. Thank you for becoming a member.

You're not logged in!

Compare scores with friends on all Sporcle quizzes.
OR
Log In

Show Comments

Extras

Top Quizzes Today


Score Distribution

Your Account Isn't Verified!

In order to create a playlist on Sporcle, you need to verify the email address you used during registration. Go to your Sporcle Settings to finish the process.

Report this User

Report this user for behavior that violates our Community Guidelines.

Details: